000
00310nam a2200145Ia 4500
650
_a
Electromagnetics
942
_c
BK
366
_f
17.5
245
_a
Problems and solutions of Engineering electromagnetics
260
_b
CBS
_c
1998
082
_a
530.14
300
_a
543
546
_a
ENGLISH
999
_c
21786
_d
21786